Ciencias sociales 2 : (Registro nro. 9441)

Detalles MARC
000 -LIDER
fixed length control field 01579nam a2200349 a 4500
001 - NÚMERO DE CONTROL
Identificador de número de control 00003800
003 - IDENTIFICACDOR DE NÚMERO DE CONTROL
control field DO-SdBNP
005 - DATE AND TIME OF LATEST TRANSACTION
control field 20160519114857.0
007 - CAMPOS FIJOS DE DESCRIPCIÓN FÍSICA
fixed length control field 00003800
008 - ELEMENTOS DE LONGITUD FIJA
fixed length control field 150130s2013 dr acd 000 0 spa d
020 ## - ISBN
International Standard Book Number 9789945174717
040 ## - FUENTE DE CATALOGACIÓN
Agencia que crea de manera original el registro BPMSU
Idioma de catalogación spa
Agencia que realiza la transcripción BPMSU
092 ## - LOCALLY ASSIGNED DEWEY DECIMAL CALL NUMBER
Número de clasificación 373.83
Número de ítem (Cutter) C569s 2do. 2013
245 00 - MENCIÓN DE TITULO
Título Ciencias sociales 2 :
Subtítulo educación media /
Mención de responsabilidad colaboración María Dolores Luque... [et.al.] ; edición Marcos Reynoso
260 ## - PUBLICACIÓN, DISTRIBUCIÓN, ETC. (PIE DE IMPRENTA)
Lugar de publicación, distribución, etc Santo Domingo :
Nombre del editor, distribuidor, etc. SM,
Fecha de publicación, distribución, etc 2013
300 ## - DESCRIPCIÓN FÍSICA
Extensión 287 p. :
Otros detalles físicos il., retrs., mapas ;
Dimensiones 29 cm. +
Material complementario CD-ROM
490 1# - MENCIÓN DE SERIES
Mención de serie Proyecto Sé
505 0# - NOTA DE CONTENIDO
Título Unidad 1.
-- La formación de América --
-- Unidad 2 .
-- Las maravillas naturales del continente --
-- Unidad 3 .
-- Los pobladores de América --
-- Unidad 4 .
-- Encuentro del viejo y nuevo mundo --
-- Unidad 5 .
-- Lucha por la libertad --
-- Unidad 6 .
-- América del siglo XX y XXI --
-- Unidad 7 .
-- Población sociedad y cultura --
-- Unidad 8 .
-- Economía y política.
650 #4 - ENCABEZAMIENTO DE MATERIA--TEMÁTICO
Término temático o nombre geográfico como elemento de entrada CIENCIAS SOCIALES
Subdivisión temática general ENSEÑANZA SECUNDARIA
650 #4 - ENCABEZAMIENTO DE MATERIA--TEMÁTICO
Término temático o nombre geográfico como elemento de entrada CIENCIAS SOCIALES
Subdivisión temática general ESTUDIOS Y EJERCICIOS
650 #4 - ENCABEZAMIENTO DE MATERIA--TEMÁTICO
Término temático o nombre geográfico como elemento de entrada CIENCIAS SOCIALES
Subdivisión temática general LIBROS DE TEXTOS
650 #4 - ENCABEZAMIENTO DE MATERIA--TEMÁTICO
Término temático o nombre geográfico como elemento de entrada CIENCIAS SOCIALES
Subdivisión temática general EDUCACIÓN SECUNDARIA
650 #4 - ENCABEZAMIENTO DE MATERIA--TEMÁTICO
Término temático o nombre geográfico como elemento de entrada EDUCACIÓN SECUNDARIA
Subdivisión geográfica REPÚBLICA DOMINICANA
700 12 - ASIENTO SECUNDARIO -- NOMBRE PERSONAL
Nombre personal Luque, María Dolores
Mención de responsabilidad colab.
700 12 - ASIENTO SECUNDARIO -- NOMBRE PERSONAL
Nombre personal Reynoso, Marcos,
Mención de responsabilidad ed.
830 #0 - ASIENTO SECUNDARIO DE SERIE--TÍTULO UNIFORME
Título uniforme Proyecto Sé
910 ## - VALIDACIÓN
Validación Validado. Control de calidad MFF
942 ## - ADDED ENTRY ELEMENTS (KOHA)
Source of classification or shelving scheme Dewey Decimal Classification
Koha item type Libros
956 ## - LOCAL ELECTRONIC LOCATION AND ACCESS (OCLC)
Nombre de host YLOCKWARD
Número de acceso 10
Información de compresión 20150603
Inicio de sesión BND01
Procesador de solicitud 1156
956 ## - LOCAL ELECTRONIC LOCATION AND ACCESS (OCLC)
Nombre de host VMATEO
Número de acceso 10
Información de compresión 20150605
Inicio de sesión BMET02
Procesador de solicitud 00151
956 ## - LOCAL ELECTRONIC LOCATION AND ACCESS (OCLC)
Nombre de host LOPEREZ
Número de acceso 10
Información de compresión 20160330
Inicio de sesión 00260
Existencias
Withdrawn status Lost status Source of classification or shelving scheme Damaged status Not for loan Collection code Home library Current library Date acquired Source of acquisition Total Checkouts Full call number Barcode Date last seen Copy number Price effective from Koha item type
    Dewey Decimal Classification       Biblioteca Pública Metropolitana Salomé Ureña Biblioteca Pública Metropolitana Salomé Ureña 03/31/2016 Donación   373.83 C569s 2do. 2013 BPMSU16030364 03/31/2016 ej. 2 03/31/2016 Libros
    Dewey Decimal Classification       Biblioteca Pública de Villa Duarte "Juan Sánchez Lamouth" Biblioteca Pública de Villa Duarte "Juan Sánchez Lamouth" 05/19/2016 Donación   373.83 C569s 2do. 2013 BPMSU16050400 05/19/2016 ej. 2 05/19/2016 Libros